000 00469nam a2200193Ia 4500
999 _c18195
_d18195
003 GCL
005 20240530100510.0
008 140319s9999 xx 000 0 eng d
040 _aGCL /
_cGCL
082 0 4 _a741.092
_bC D
100 1 _aGERE, J. A
245 1 0 _aDRAWINGS BY ROPHAEL /
_cGERE, J. A
260 _a[S.N] :
_bNONE ،
_c1984
650 0 4 _aDRAWING
650 0 4 _aCATALOGUS
650 0 4 _aITALY - PAINTING
650 0 4 _aRAPHAEL CATALOGS
942 _2ddc
_cBK